Xây dựng một số thí nghiệm ảo phần vô cơ nhằm nâng cao chất lượng dạy và học môn hóa học ở trường phổ thông
Tìm hiểu thực trạng việc sử dụng TN trong giảng dạy hóa học ở trường phổ thông. Nghiên cứu quy trình thiết kế mô hình TN bằng cách ứng dụng các phần mềm mô phỏng TN. Ứng dụng các phần mềm mô phỏng TN vào trong một số bài giảng hóa học phổ thông ( phần vô cơ )....
Shranjeno v:
| Glavni avtor: | |
|---|---|
| Drugi avtorji: | |
| Format: | Knjiga |
| Izdano: |
Đà Nẵng
Đại học Sư phạm, Đại học Đà Nẵng
2012
|
| Teme: | |
| Oznake: |
Označite
Brez oznak, prvi označite!
|
| Thư viện lưu trữ: | Mạng thư viện Đại học Đà Nẵng |
|---|
| LEADER | 01970nam a2200337 4500 | ||
|---|---|---|---|
| 001 | 000017598 | ||
| 003 | 14017 | ||
| 005 | 20130502150508.0 | ||
| 008 | 130502s2012 sd | ||
| 082 | |a 546.07 |b NG-D | ||
| 100 | 1 | |a Nguyễn Thị Kim Dung | |
| 245 | |a Xây dựng một số thí nghiệm ảo phần vô cơ nhằm nâng cao chất lượng dạy và học môn hóa học ở trường phổ thông |c Nguyễn Thị Kim Dung ; Nguyễn Thị Lan Anh hướng dẫn |k Khóa luận tốt nghiệp | ||
| 260 | |a Đà Nẵng |b Đại học Sư phạm, Đại học Đà Nẵng |c 2012 | ||
| 300 | |a 78 tr. |c 29 cm. |e Đĩa CD, bản tóm tắt | ||
| 500 | |a Khóa luận tốt nghiệp đại học. Chuyên ngành: Sư phạm Hóa | ||
| 504 | |a Mục lục đầu trang, tài liệu tham khảo tr. 73 - 74, phụ lục [13 tr.] | ||
| 520 | |a Tìm hiểu thực trạng việc sử dụng TN trong giảng dạy hóa học ở trường phổ thông. Nghiên cứu quy trình thiết kế mô hình TN bằng cách ứng dụng các phần mềm mô phỏng TN. Ứng dụng các phần mềm mô phỏng TN vào trong một số bài giảng hóa học phổ thông ( phần vô cơ ). | ||
| 600 | 1 | 4 | |b Vua |c Đinh Tiên Hoàng |
| 650 | 0 | 4 | |a Giáo dục THPT |a Hóa học vô cơ |v Khóa luận tốt nghiệp |x Thí nghiệm ảo |x Nghiên cứu |
| 653 | |a Khoa Hóa học |a Hóa học vô cơ |a Thí nghiệm ảo |a Giáo dục THPT | ||
| 700 | |a Nguyễn Thị Lan Anh |e Hướng dẫn | ||
| OWN | |a LSP | ||
| AVA | |a UDN50 |b LSP |d 546.07 NG-D |e available |t Error 5001 Not defined in file expand_doc_bib_avail. |f 1 |g 0 |h N |i 0 |k 1 | ||
| 999 | |a From the UDN01 | ||
| AVA | |a UDN50 |b LSP |d 546.07 NG-D |e available |t Error 5001 Not defined in file expand_doc_bib_avail. |f 1 |g 0 |h N |i 0 |k 1 | ||
| TYP | |a Monograph | ||
| TYP | |a Printed language | ||
| 980 | |a Mạng thư viện Đại học Đà Nẵng | ||